Fatman 2020 / directed by Eshom Nelms, Ian Nelms ; written by Eshom Nelms, Ian Nelms ; produced by Todd Courtney, Nadine de Barros, Michelle Lang, Robert Menzies, Lisa Wolofsky. (Record no. 20949)

000 -LEADER
fixed length control field 01208nam a22002657a 4500
008 - FIXED-LENGTH DATA ELEMENTS--GENERAL INFORMATION
fixed length control field 250528b xxu||||| |||| 00| 0 eng d
040 ## - CATALOGING SOURCE
Original cataloging agency Cagayan State University
082 ## - DEWEY DECIMAL CLASSIFICATION NUMBER
Classification number 791.4372
Item number F269 2020
245 ## - TITLE STATEMENT
Title Fatman 2020 / directed by Eshom Nelms, Ian Nelms ; written by Eshom Nelms, Ian Nelms ; produced by Todd Courtney, Nadine de Barros, Michelle Lang, Robert Menzies, Lisa Wolofsky.
260 ## - PUBLICATION, DISTRIBUTION, ETC. (IMPRINT)
Place of publication, distribution, etc United States :
Name of publisher, distributor, etc Saban Films,
Date of publication, distribution, etc 2020.
300 ## - PHYSICAL DESCRIPTION
Extent 1 videofile, (ca. 100 mins.) :
Other physical details sound, color.
520 ## - SUMMARY, ETC.
Summary, etc To save his declining business, Chris Cringle, also known as Santa Claus, is forced into a partnership with the U.S. military. Making matters worse, Chris gets locked into a deadly battle of wits against a highly skilled assassin, hired by a precocious 12-year-old, after receiving a lump of coal in his stocking.
650 ## - SUBJECT ADDED ENTRY--TOPICAL TERM
Topical term or geographic name as entry element Action.
650 ## - SUBJECT ADDED ENTRY--TOPICAL TERM
Topical term or geographic name as entry element Comedy.
650 ## - SUBJECT ADDED ENTRY--TOPICAL TERM
Topical term or geographic name as entry element Fantasy.
650 ## - SUBJECT ADDED ENTRY--TOPICAL TERM
Topical term or geographic name as entry element Adventure.
650 ## - SUBJECT ADDED ENTRY--TOPICAL TERM
Topical term or geographic name as entry element Horror.
650 ## - SUBJECT ADDED ENTRY--TOPICAL TERM
Topical term or geographic name as entry element Thriller.
700 ## - ADDED ENTRY--PERSONAL NAME
Personal name Gibson, Mel, star.
700 ## - ADDED ENTRY--PERSONAL NAME
Personal name Goggins, Walton, star.
700 ## - ADDED ENTRY--PERSONAL NAME
Personal name Jean-Baptiste, Marianne, star.
700 ## - ADDED ENTRY--PERSONAL NAME
Personal name Derango, Johnny, cinematographer.
700 ## - ADDED ENTRY--PERSONAL NAME
Personal name Lee, Traton, editor.
942 ## - ADDED ENTRY ELEMENTS (KOHA)
Source of classification or shelving scheme
Item type Audio-Visual Materials
Holdings
Source of acquisition Price effective from Permanent location Date last seen Not for loan Date acquired Source of classification or shelving scheme Koha item type Damaged status Lost status Shelving location Withdrawn status Current location Full call number
Donation2025-05-28Cagayan State University - Carig Library2025-05-28 2025-05-28 Audio-Visual Materials  E-Resource Section Cagayan State University - Carig Library791.4372 F269 2020

Cagayan State University University Library, Carig Campus
Tuguegarao City, Cagayan 3500 | www.csucarig.edu.ph

Powered by Koha